Video Games by Year: 2005 - Statistics

General Stats
  • This quiz has been taken 59 times
  • The average score is 3 of 16
Answer Stats
Picture Answer % Correct
Devil May Cry 3: Dante's Awakening
68%
Call of Duty 2
58%
Psychonauts
55%
Need for Speed: Most Wanted
32%
Harry Potter and the Goblet of Fire
30%
F.E.A.R.
21%
Age of Empires III
17%
The Matrix: Path of Neo
15%
Haunting Ground
9%
Hard Truck: Apocalypse
6%
Quake 4
6%
Total Overdose
6%
True Crime: New York City
6%
Warhammer 40,000: Dawn of War - Winter Assault
6%
Perfect World
0%
Vivisector: Beast Within
0%
No matching quizzes found
Score Distribution
Percent of People with Each Score
Percentile by Number Answered
Your Score History
You have not taken this quiz